Ohně na planinách /

Hlavní autor: Ōoka, Shōhei, 1909-1988
Další autoři: Winkelhöfer, Jan, 1931-, Winkelhöferová, Vlasta, 1932-2022
Jazyk: Čeština
Vydáno: V Praze : Vyšehrad, 2007
Vydání: Vyd. 2.
Edice: Světová próza (Vyšehrad)
Témata:
Fyzický popis: 202 s. ; 20 cm
Knihy
Uloženo v:
LEADER 01960nam a2200541 a 4500
001 nkc20071752507
003 CZ PrNK
005 20140728133514.0
007 ta
008 070920s2007 xr g 000 f cze
015 |a cnb001752507 
020 |a 978-80-7021-889-1  |q (váz.) :  |c Kč 248,00 
035 |a (OCoLC)190753145 
040 |a OLA001  |b cze  |d BOA001 
041 1 |a cze  |h jpn 
043 |a a-ph--- 
045 |a x4x4 
072 7 |a 821.521  |x Japonská literatura  |2 Konspekt  |9 25 
080 |a 821.521-31  |2 MRF 
080 |a 355.483(599)"1944/1945"  |2 MRF 
080 |a 94(100)"1939/1945"  |2 MRF 
080 |a (599)  |2 MRF 
080 |a (0:82-311.6)  |2 MRF 
100 1 |a Ōoka, Shōhei,  |d 1909-1988  |7 xx0018871  |4 aut 
245 1 0 |a Ohně na planinách /  |c Šóhei Óoka ; [z japonského originálu ... přeložili a doslov napsali Jan a Vlasta Winkelhöferovi] 
250 |a Vyd. 2. 
260 |a V Praze :  |b Vyšehrad,  |c 2007 
300 |a 202 s. ;  |c 20 cm 
490 1 |a Světová próza 
648 7 |a 1939-1945  |7 ch460653  |2 czenas 
648 7 |a 1944-1945  |7 ch967355  |2 czenas 
650 0 7 |a bitva o Filipíny (1944-1945 : Filipíny)  |7 ph138871  |2 czenas 
650 0 7 |a druhá světová válka (1939-1945)  |7 ph117270  |z Filipíny  |2 czenas 
650 0 9 |a battle of the Philippines (1944-1945 : Philippines)  |2 eczenas 
650 0 9 |a World War (1939-1945)  |z Philippines  |2 eczenas 
655 7 |a japonské romány  |7 fd132490  |2 czenas 
655 7 |a válečné romány  |7 fd133831  |2 czenas 
655 9 |a Japanese fiction  |2 eczenas 
655 9 |a war novels  |2 eczenas 
765 0 |t Nobi  |9 Česky 
700 1 |a Winkelhöfer, Jan,  |d 1931-  |7 jk01151701  |4 trl  |4 waw 
700 1 |a Winkelhöferová, Vlasta,  |d 1932-2022  |7 jk01151702  |4 trl  |4 waw 
830 0 |a Světová próza (Vyšehrad)  |0 s 
910 2 |a BOA001  |b 2-1192.474 
990 |a BK 
995 |a 01 
991 |b 200710 
996 6 |b 2610321531  |c 2-1192.474  |l MZK  |r Sklad / do 1 hodiny  |n 2  |p p.v.  |w 000867764  |u 000010  |a 1  |e BOA001  |j MZK50  |s P